Datum a čas kvízu
27.5
Celkem bodů
Celkový počet nahraných bodů na tomto kvízu bez doplňovacích otázek.
5.
Pořadí na kvízu
Konečné umístění týmu na tomto kvízu.
Zaznamenané odpovědi
| # | Otázka | Odpověď | Body | Výsledky |
|---|---|---|---|---|
| 1. | Státní zastupitelství obvinilo... | C | 1 | |
| 2. | Americký deník The New York Ti... | C | 0 | |
| 3. | V pátek oslavil významný brits... | (sir) David Attenborough; 100 let | 1 | |
| 4. | V úterý večer zastavila na Pro... | B) policejní Škoda Forman z 90. let | 0 | |
| 5. | Obrovského úspěchu dosáhla Rac... | A | 1 | |
| 6. | Téma začneme jednou z nejoblíb... | Matěj Kotrba | 0.5 | |
| 7. | V roce 2019 jsme mohli v kinec... | Bitva u Midway (v originále Midway) | 0 | |
| 8. | Který herec si zahrál Hektóra,... | Eric Bana | 0 | |
| 9. | Půl bodu obdržíte za název fil... | Amadeus; Miloš Forman | 1 | |
| 10. | Který režisér je podepsán pod... | C | 1 |